Loading...
Fine Arts - Classical Music | 7 | 17.14 | 100% | 71% | 0% |
Fine Arts - Other Fine Arts | 9 | 14.44 | 100% | 44% | 0% |
Fine Arts - Painting & Sculpture | 5 | 14.00 | 100% | 40% | 0% |
History - American History | 7 | 18.57 | 100% | 71% | 14% |
History - European History | 7 | 18.57 | 86% | 71% | 29% |
History - Other History | 5 | 14.00 | 100% | 40% | 0% |
History - World History | 6 | 21.67 | 100% | 100% | 17% |
Literature - American Literature | 8 | 13.75 | 100% | 38% | 0% |
Literature - British Literature | 9 | 14.44 | 100% | 44% | 0% |
Literature - European Literature | 7 | 18.57 | 100% | 71% | 14% |
Literature - World Literature | 6 | 20.00 | 100% | 83% | 17% |
Mythology | 4 | 20.00 | 100% | 50% | 50% |
Other | 7 | 18.57 | 100% | 57% | 29% |
Philosophy | 7 | 17.14 | 100% | 57% | 14% |
Religion | 9 | 16.67 | 89% | 56% | 22% |
Science - Biology | 8 | 12.50 | 100% | 13% | 13% |
Science - Chemistry | 5 | 10.00 | 100% | 0% | 0% |
Science - Other Science | 6 | 13.33 | 100% | 17% | 17% |
Science - Physics | 7 | 11.43 | 100% | 14% | 0% |
Social Science | 5 | 18.00 | 100% | 80% | 0% |